Statistics for Former "Country" Flags #5-Madagascar

Click here to take the quiz!

General Stats

  • This quiz has been taken 25 times
  • The average score is 4 of 10

Answer Stats

Answer% Correct
Democratic Republic of Madagascar
100%
Third Republic of Madagascar
100%
Kingdom of Imerina
27%
Kingdom of Antankarana
20%
Kingdom of Antongil
20%
Kingdom of Boina
20%
Kingdom of Menabe
20%
Kingdom of Tanatave
20%
Kingdom of Tanibe
20%
Malagasy Republic
20%

Score Distribution

Percentile by Number Answered

Percent of People with Each Score

Your Score History

You have not taken this quiz